Central Library OPAC University of Rajshahi

داستانهاي دل انگيز ادبيات فارسي ;; Dastanhai del Anges adubiat e fersi / (Record no. 78681)

MARC details
000 -LEADER
fixed length control field 00718aaa a2200229 a 4500
001 - CONTROL NUMBER
control field 78681
003 - CONTROL NUMBER IDENTIFIER
rucl marc code BD-RjUL
005 - DATE AND TIME OF LATEST TRANSACTION
control field 20230112103217.0
008 - FIXED-LENGTH DATA ELEMENTS--GENERAL INFORMATION
fixed length control field 211101s1958 ir ||||| |||| 00| 0 per d
020 ## - INTERNATIONAL STANDARD BOOK NUMBER
International Standard Book Number 9643151492
035 ## - SYSTEM CONTROL NUMBER
System control number (BD-RjUL)78907
040 ## - CATALOGING SOURCE
Original cataloging agency BD-RjUL
Language of cataloging eng
Transcribing agency BD-RjUL
041 ## - LANGUAGE CODE
Language code of text/sound track or separate title per
082 ## - DEWEY DECIMAL CLASSIFICATION NUMBER
Edition number 23
Classification number 891.55
Author mark and year KID 1958
100 1# - MAIN ENTRY--PERSONAL NAME
Personal name Kia, Zahra Khanleri ;; كيا، زهرا خانلري
9 (RLIN) 173787
245 ## - TITLE STATEMENT
Title داستانهاي دل انگيز ادبيات فارسي ;; Dastanhai del Anges adubiat e fersi /
250 ## - EDITION STATEMENT
Edition statement 5th.ed.1377 h
260 ## - PUBLICATION, DISTRIBUTION, ETC. (IMPRINT)
Place of publication, distribution, etc. [Tihrān] :
Name of publisher, distributor, etc. Tus ;; انتشارات توس
300 ## - PHYSICAL DESCRIPTION
Pagination 220 pages ;
Size 22 cm
650 ## - SUBJECT ADDED ENTRY--TOPICAL TERM
Topical term or geographic name as entry element Persian Literature
9 (RLIN) 249529
942 ## - ADDED ENTRY ELEMENTS (KOHA)
Source of classification or shelving scheme Dewey Decimal Classification
Koha item type Books
Holdings
Lost status Source of classification or shelving scheme Damaged status Not for loan Collection code Permanent Location Current Location Shelving location Date acquired Source of acquisition Full call number Date last seen Copy number Koha item type
  Dewey Decimal Classification   Not For Loan Non-fiction Central Library, University of Rajshahi Central Library, University of Rajshahi Reading Room 13/08/2007 Iran Embassy, Dhaka F 891.55 KID 1958 01/11/2021 C-1 Books